| 000 | 00362nam a22001457a 4500 | ||
|---|---|---|---|
| 005 | 20151104120109.0 | ||
| 008 | 151104b xxu||||| |||| 00| 0 eng d | ||
| 040 | _cPK-LaUMT | ||
| 082 |
_aKHC 958.104 _bAWA-A |
||
| 100 | _aAwan | ||
| 245 |
_aAcross the river and over the hills _cAwan |
||
| 260 |
_aIslamabad _bPanGraphics _c[ ] |
||
| 300 | _a184 p. | ||
| 942 | _cBK | ||
| 999 |
_c78707 _d78707 |
||